|
|
|
|
| LEADER |
00000cas a2200000 a 4500 |
| 001 |
vtls008689338 |
| 003 |
SK-MaSNL |
| 005 |
20260228155911.0 |
| 008 |
060407c19941998xo wr|p 0 b0slo |
| 040 |
|
|
|a SNK
|b slo
|c SNK
|e AACR2
|
| 041 |
0 |
|
|a slo
|
| 043 |
|
|
|a e-xo---
|
| 044 |
|
|
|a xo
|c SK
|
| 072 |
|
7 |
|a 352/354
|x Stupne miestnej, oblastnej a ústrednej správy
|2 konspekt
|
| 072 |
|
7 |
|a 316
|x Sociológia
|2 konspekt
|
| 080 |
|
|
|a 050
|2 2001
|
| 080 |
|
|
|a 353.9
|2 2001
|
| 080 |
|
|
|a 316.728
|2 2001
|
| 245 |
0 |
0 |
|a Región extra
|b regionálny týždenník
|
| 260 |
|
|
|a Vranov nad Topľou
|b Bukóza
|c 1994-1998
|
| 300 |
|
|
|a 5 zv.
|c 30 cm
|
| 310 |
|
|
|a 1x týždenne
|
| 362 |
0 |
|
|a Roč. I, č. 1 (1994)-roč. 5, č. 48 (1998)
|
| 500 |
|
|
|a Redaktori sa menia
|
| 650 |
0 |
7 |
|a územná samospráva
|2 SNKPH
|9 802
|
| 650 |
0 |
7 |
|a spoločenský život
|2 SNKPH
|9 28654
|
| 651 |
|
7 |
|a Vranov nad Topľou (Slovensko)
|2 SNKPH
|9 17494
|
| 655 |
|
7 |
|a regionálne periodiká
|2 SNKPH
|9 131775
|
| 910 |
|
|
|a snk
|
| 916 |
|
|
|a 1994-1998
|
| 958 |
|
|
|a OND
|
| 999 |
|
|
|c 848
|d 848
|
| 952 |
|
|
|0 0
|1 0
|3 rekatalogizácia
|4 0
|7 0
|a SNK
|b SNK
|d 2006-04-07
|f 1
|i snkČSP 1824/2000
|l 0
|o snkČSB 4962/5/1998
|p 17A0504029
|r 2026-02-21 19:52:14
|t č. 1-48
|w 2026-02-21
|y PREZ
|
| 952 |
|
|
|0 0
|1 0
|4 0
|7 0
|a SNK
|b SNK
|d 2023-11-16
|i snkČSP 3779/99
|l 0
|o snkČSB 4962/2/1995 D1
|p 17A1349038
|r 2026-02-21 19:57:48
|t č. 1-52, neúplné
|w 2026-02-21
|y PREZ
|z Chýba č.: 32-41
|
| 952 |
|
|
|0 0
|1 0
|4 0
|7 0
|a SNK
|b SNK
|d 2023-11-16
|i snkČSP 1358/2000
|l 0
|o snkČSB 4962/3/1996 D1
|p 17A1349041
|r 2026-02-21 19:58:16
|t č. 1-53, neúplné
|w 2026-02-21
|y PREZ
|z Chýba č.: 7
|
| 952 |
|
|
|0 0
|1 0
|3 rekatalogizácia
|4 0
|7 0
|a SNK
|b SNK
|d 2007-10-29
|f 1
|i snkČSP 3778/99
|l 0
|o snkČSB 4962/2/1995
|p 17A0565502
|r 2026-02-21 21:22:46
|t č. 1-52, neúpl.
|w 2026-02-21
|y PREZ
|z chýba č. 32 - 41
|
| 952 |
|
|
|0 0
|1 0
|4 0
|7 0
|a SNK
|b SNK
|d 2015-06-10
|f 1
|i snkČSP 3780/99
|l 0
|o snkČSB 4962/1/1994
|p 17A0919626
|r 2026-02-21 21:45:36
|t č. 1-11, neúpl.
|w 2026-02-21
|y PREZ
|z chýba č. 1-8
|
| 952 |
|
|
|0 0
|1 0
|4 0
|7 0
|a SNK
|b SNK
|d 2015-06-10
|f 1
|i snkČSP 1357/2000
|l 0
|o snkČSB 4962/3/1996
|p 17A0919620
|r 2026-02-21 21:45:36
|t č. 1-53, neúpl.
|w 2026-02-21
|y PREZ
|z chýba č. 7
|
| 952 |
|
|
|0 0
|1 0
|4 0
|7 0
|a SNK
|b SNK
|d 2015-06-10
|f 1
|i snkČSP 3782/99
|l 0
|o snkČSB 4962/4/1997
|p 17A0919619
|r 2026-02-21 21:45:37
|t č. 1-52
|w 2026-02-21
|y PREZ
|